000 00596nam a2200193 4500
001 113330
003 ES-MaACL
005 20260129173917.0
007 t|
008 061121s1968 sp r ||||1| val d
100 1 _aNinyoles, Rafael L.
_985754
245 1 2 _aL'opnió pública
_b: teories i ideologies /
_cRafael L. Ninyoles.
260 _aBarcelona :
_bRafael Dalmau,
_c1968.
300 _a80 p. ;
_c19 cm.
490 1 _aPanorama actual de les idees ;
_v56/57
830 0 _aPanorama actual de les idees
_v56/57
_9180987
852 _aES-MaACL
_jC-51221
_bR.68471
999 _c113330
_d113330